Rovnováha medzi prácou a osobným životom nie je luxus

Výskumy ukazujú, že zamestnanci s flexibilným pracovným časom sú menej stresovaní a firmy, ktoré podporujú work-life balance, evidujú tiež nižšiu mieru fluktuácie.

Salvato in:
Dettagli Bibliografici
Autore principale: Alenová, Gabriela
Natura: Capitolo di libro
Lingua:slovacco
Soggetti:
Tags: Aggiungi Tag
Nessun Tag, puoi essere il primo ad aggiungerne!!

MARC

LEADER 00000naa a2200000 4500
001 0308377
005 20250430125041.0
041 0 |a slo 
044 |a SK 
245 1 0 |a Rovnováha medzi prácou a osobným životom nie je luxus  |c Gabriela Alenová 
520 |a Výskumy ukazujú, že zamestnanci s flexibilným pracovným časom sú menej stresovaní a firmy, ktoré podporujú work-life balance, evidujú tiež nižšiu mieru fluktuácie. 
610 2 0 |a rovnováha duševná 
610 2 0 |a čas pracovný pohyblivý 
610 2 0 |a stresy 
610 2 0 |a zamestnanci 
610 2 0 |a zamestnávatelia 
610 2 0 |a benefity 
610 2 0 |a fluktuácia 
100 1 |a Alenová, Gabriela